00492nam a22001697a 450000500170000001000150001702000260003203500140005803700090007208200160008110000170009724500630011425000060017726000360018327000820021930000210030120240905122452.0 aENG-141653 a9788178244631c595.00 aEN-125185 bDBAD a780.954321 aDhar, Sheila aRaga'n Josh:bStories From a Musical Life/cBy Sheila Dhar a1 aRanikhetbPermanent Blackc2017 a'Himalyana' , Mall Road, Ranikhet CanttbRanikhete263645mperblack@gmail.com a405p.c21cm.(pb)